Surowce mineralne Polski - Statystyki

Ogólne statystyki
  • Ten quiz został rozwiązany 80 razy
  • Średni wynik to 4 z 23
Statystyki odpowiedzi
Hint Odpowiedź % Poprawnych
W Polsce znajduje się 6% światowych zasobów tego surowca węgiel brunatny
45%
W tym województwie znajduje się 50% krajowych zasobów kamieni drogowych i budowlanych (dolomity, wapienie, granity, bazalty itd.) dolnośląskie
42%
80% złóż polskiego węgla kamiennego znajduje się w: (podaj nazwę obszaru) Górny Śląsk
42%
Metal, którego złoża były eksploatowane od II w. p.n.e w Górach Świętokrzyskich żelazo
36%
Ile % polskiego zapotrzebowania na ropę naftową spełnia jego polskie wydobycie 3
34%
W okolicach tego miasta są jedyne wydobywane złoża siarki w Polsce Tarnobrzeg
34%
Rok zakończenia wydobycia węgla na Dolnym Śląsku 200
25%
Rok zakończenia wydobycia soli kamiennej w Bochni i Wieliczce 1996
17%
20% polskiego wydobycia ropy naftowej pochodzi z tego obszaru Bałtyk
15%
Pierwsza na świecie kopalnia ropy naftowej - miejsce założenia Bóbrka
13%
Nazwa regionu, w którym (poza wybrzeżem Morza Bałtyckiego) są wydobywane bursztyny Lubelszczyzna
13%
Główny obszar pozyskiwania kredy w Polsce Podlasie
8%
źródło wapnia dla zwierząt kreda
6%
obszar wydobycia gipsów i anhydrytów w Polsce niecka nidziańska
6%
Pierwsza oficjalnie działająca kopalnia węgla kamiennego w Polsce - data powstania 1767
4%
Pierwsza na świecie kopalnia ropy naftowej - rok założenia 1854
4%
Metale, których złoża były wydobywane do 2020 roku na Górnym Śląsku cynk, ołów
4%
z tego czegoś produkuje się amoniak gaz ziemny
4%
75% polskiego wydobycia ropy naftowej pochodzi z tego obszaru niż polski
4%
Pierwsza oficjalnie działająca kopalnia węgla kamiennego w Polsce - miejsce Szczakowa
4%
z tego czegoś produkuje się kwas siarkowy anhydryt
2%
to używa się do oczyszczania wody i ścieków kaolin
2%
Jedna z największych kopalni pozyskujących surowce skalne w Polsce znajduje się w tej miejscowości Morawice
0%
Nie znaleziono quizów pasujących do podanych kryteriów
Rozkład punktacji
Procent ludzi z każdym wynikiem
Percentyl według liczby udzielonych odpowiedzi
Twoja historia wyników
Nie rozwiązałeś tego quizu